Sources of architectural form : a critical history of western design theory /

Bibliographic Details
Main Author: Gelernter, Mark, 1951-
Format: Book
Language:English
Published: Manchester ; New York : Manchester University Press ; [1995]
Subjects:

MARC

Tag First Indicator Second Indicator Subfields
LEADER 00000cam a2200000 a 4500
001 in00001237164
005 20151003062332.0
008 940414s1995 enka b 001 0 eng
010 |a  94012283  
015 |a GB95-41095 
019 |a 32700005 
020 |a 0719041287 (hardback) 
020 |a 0719041295 (pbk.) 
035 |a (OCoLC)30399334 
035 |a AGS7452AM 
040 |a DLC  |c DLC  |d UKM  |d TXA  |d UtOrBLW 
049 |a TXAM 
050 0 0 |a NA2750  |b .G435 1995 
082 0 0 |a 720/.1  |2 20 
090 |a NA2750  |b .G45 1995 
100 1 |a Gelernter, Mark,  |d 1951- 
245 1 0 |a Sources of architectural form :  |b a critical history of western design theory /  |c Mark Gelernter. 
264 1 |a Manchester ;  |a New York :  |b Manchester University Press ;  |c [1995] 
264 2 |a New York :  |b Distributed exclusively in the USA and Canada by St. Martin's Press, 
264 4 |c ©1995 
300 |a xiii, 306 pages :  |b illustrations ;  |c 25 cm. 
336 |a text  |b txt  |2 rdacontent 
337 |a unmediated  |b n  |2 rdamedia 
338 |a volume  |b nc  |2 rdacarrier 
500 |a Based on a thesis (doctoral)--Bartlett School of Architecture and Planning, University College, London. 
504 |a Includes bibliographical references (pages [292]-300) and index. 
536 |a From the library of Harrison T. Meserole, 2002. 
650 0 |a Architectural design  |x History. 
653 0 |a Architecture  |a History 
999 |a MARS 
999 f f |s ac6eb02f-39dd-32c7-b5b8-85b50d2e5332  |i 45ddff5e-2d91-3a23-ab6a-46ff5a453cea  |t 0 
952 f f |p normal  |a Texas A&M University  |b College Station  |c Sterling C. Evans Library  |d Evans: Library Stacks  |t 0  |e NA2750 .G45 1995  |h Library of Congress classification  |i unmediated -- volume  |m A14820037367 
952 f f |p storage  |a Texas A&M University  |b J.J. Pickle Campus  |c High Density Repository  |d Remote Storage  |t 0  |e NA2750 .G45 1995  |h Library of Congress classification  |i unmediated -- volume  |m A14829813037 
998 f f |a NA2750 .G45 1995  |t 0  |l Remote Storage 
998 f f |a NA2750 .G45 1995  |t 0  |l Evans: Library Stacks